000 01078cam a2200337 a 4500
001 17731287
003 OSt
005 20170522122710.0
008 130509s2009 nyua 001 0 eng
010 _a 2012533962
015 _aGBA8A2826
_2bnb
016 7 _a014701965
_2Uk
020 _a9780321202758 (pbk.)
020 _a0321202759 (pbk.)
035 _a(OCoLC)ocn244653484
040 _aUKM
_cUKM
_dBTCTA
_dBAKER
_dB9B
_dDLC
042 _alccopycat
050 0 0 _aPE1122
_b.K74 2009
082 0 4 _a428.40711
_222
100 1 _aKrieg, Elaine G.
245 1 0 _aStrategies for college readers /
_cby Elaine G. Krieg.
260 _aNew York :
_bPearson/Longman,
_cc2009.
300 _axvii, 555 p. :
_bill. (some col.) ;
_c24 cm.
500 _aIncludes index.
650 0 _aReading (Higher education)
650 0 _aReading (Higher education)
_vProblems, exercises, etc.
650 0 _aStudy skills.
906 _a7
_bcbc
_ccopycat
_d3
_encip
_f20
_gy-gencatlg
942 _2lcc
_cBK
999 _c256410
_d256409